|
|
|
|
| LEADER |
00000cam a2200000 7i4500 |
| 001 |
0000044817 |
| 005 |
20150630.0 |
| 008 |
150119 |
| 020 |
|
|
|a 9673820757
|
| 020 |
|
|
|a 9789673820696 (set)
|
| 020 |
|
|
|a 9789673820757
|
| 090 |
0 |
0 |
|a JF CT
|b MAL
|
| 100 |
1 |
|
|a Ahmad Zaid
|
| 245 |
1 |
0 |
|a Permintaan Puteri Gunung Ledang
|c Ahmad Zaid
|
| 260 |
|
|
|a Kuala Lumpur :
|b Brainmax Enterprise ,
|c 2014
|
| 440 |
|
|
|a Siri Bacaan Lagenda Gemilang
|
| 650 |
|
0 |
|a Children's stories, Malay
|
| 650 |
|
0 |
|a Classic Tales, Malay
|
| 999 |
|
|
|a 0001288762
|b Book
|c Teenagers
|e Cawangan Bandar Tenggara
|
| 999 |
|
|
|a 0001288763
|b Book
|c Children Collection
|e Cawangan Taman Sri Lambak
|
| 999 |
|
|
|a 0001288764
|b Book
|c Children Collection
|e Cawangan AEON Kulaijaya
|
| 999 |
|
|
|a 0001288765
|b Book
|c Children Collection
|e Cawangan Taman Universiti
|
| 999 |
|
|
|a 0001288767
|b Book
|c Children Collection
|e Cawangan Pontian
|
| 999 |
|
|
|a 0001288768
|b Book
|c Children Collection
|e Cawangan Tmn. Ungku Tun Aminah
|
| 999 |
|
|
|a 0001288769
|b Book
|c Children Collection
|e Cawangan Segamat
|
| 999 |
|
|
|a 0001288771
|b Book
|c Children Collection
|e Cawangan Mersing
|
| 999 |
|
|
|a 0001288772
|b Book
|c Children Collection
|e Cawangan Bukit Gambir
|
| 999 |
|
|
|a 0001288773
|b Book
|c Children Collection
|e Cawangan Tangkak
|
| 999 |
|
|
|a 0001288774
|b Book
|c Children Collection
|e Cawangan Bandar Penawar
|